00364nam a2200121Ia 45000010005000000080041000050820017000461000076000632450040001392600021001799010027002009990015002271788241024s9999 xx 000 0 und d aRD/700/R426c aRepública Dominicana. Secretaría de Estado de Educación y Cultura 0aCuadernos de Arte 4. Artes Visuales bEd. Tallerc1997 a27/9/2011 9:41:49 a.m. c7970d7970